Cuadro de planificación de fondos
Na minha lista:
| Autor Corporativo: | |
|---|---|
| Formato: | Livro |
| Idioma: | Spanish |
| Publicado em: |
Las Palmas de Gran Canaria :
Dirección General de Cultura,
[1994?]
|
| Assuntos: | |
| Tags: |
Adicionar Tag
Sem tags, seja o primeiro a adicionar uma tag!
|
MARC
| LEADER | 00000nam a22000007a 4500 | ||
|---|---|---|---|
| 008 | 150513q1990 sp | c||| 00| 0 spa d | ||
| 040 | |a CRU CIICLA | ||
| 041 | |a spa | ||
| 082 | |a 027.649 |b A675c | ||
| 110 | 1 | |a Archivo Histórico Provincial de Las Palmas "Joaquín Blanco" | |
| 245 | 1 | 0 | |a Cuadro de planificación de fondos |c Archivo Histórico Provincial de Las Palmas "Joaquín Blanco" |
| 260 | |a Las Palmas de Gran Canaria : |b Dirección General de Cultura, |c [1994?] | ||
| 300 | |a 50 páginas | ||
| 610 | 1 | 4 | |a ARCHIVO HISTORICO PROVINCIAL DE LAS PALMAS " JOAQUIN BLANCO" |
| 942 | |2 ddc |c BK | ||
| 999 | |c 4096 |d 4096 | ||
